Management information systems contemporary perspective

Gespeichert in:
Bibliographische Detailangaben
Hauptverfasser: Laudon, Kenneth C., Laudon, Jane Price (Verfasst von)
Format: Buch
Sprache:Englisch
Veröffentlicht: New York Macmillan 1988
Ausgabe:[1. ed.]
Schriftenreihe:Macmillan series in information systems
Online-Zugang:Im OPAC anzeigen
Tags: Tag hinzufügen
Keine Tags, Fügen Sie das erste Tag hinzu!

MARC

LEADER 00000nam a2200000 a 4500
005 20260127133941.0
008 000507e1988 xxu g eng c
020 |a 0023681004  |c [1.200.00 SK] 
035 |a vtls008463235 
035 |a SAVUKc037700 
039 9 |a 200809181401  |b mschk03  |y 200602030019  |z VLOAD 
040 |a SAVUK  |b slo  |c SNK  |d STUSCHK1  |e AACR2 
041 1 |a eng 
044 |a xxu  |c US 
080 |a 658:659.2 
100 1 |a Laudon, Kenneth C. 
245 1 0 |a Management information systems  |b contemporary perspective  |c Kenneth C. Laudon, Jane Price Laudon 
250 |a [1. ed.] 
260 |a New York  |b Macmillan  |c 1988 
300 |a XVII, 749 s.  |b Lit., reg., sch., tab. 
490 0 |a Macmillan series in information systems 
700 1 |a Laudon, Jane Price  |4 aut 
830 0 |a Macmillan series in information systems 
910 |a savuk 
910 |a SCHK95 
919 |a 0-02-368100-4 
999 |c 718  |d 718